Els Pergamins de l'Arxiu del Marquès de Camps / Narcís Castells i Calzada, M. Assumpció Colomer i Arcas
Descripción Física:
261 p. : il. ; 21 cm
Otros Autores:
Colomer i Arcas, M. Assumpció
MARC
| LEADER | 00000nam a2200000Ia 4500 | ||
|---|---|---|---|
| 001 | 12526 | ||
| 008 | 160829s1999 xx 000 0 cat d | ||
| 080 | |a A-2-40 | ||
| 100 | |a Castells i Calzada, Narcís |9 20939 | ||
| 245 | |a Els Pergamins de l'Arxiu del Marquès de Camps / Narcís Castells i Calzada, M. Assumpció Colomer i Arcas | ||
| 260 | |a Girona : |b Ajuntament de Salt, |c 1999 | ||
| 300 | |a 261 p. : |b il. ; |c 21 cm | ||
| 590 | |a Col·laboren en l'edició: Ajuntament de Bescanó i Ajuntament de Girona | ||
| 650 | |a Camps (Família) |x Arxius |x Catàlegs |9 20940 | ||
| 650 | |a Arxiu Municipal de Salt |x Catàlegs |9 20941 | ||
| 650 | |a Documents públics |x Girona (Província) |x Catàlegs |9 20942 | ||
| 700 | |a Colomer i Arcas, M. Assumpció |9 20943 | ||
| 710 | 1 | |a Girona (Catalunya). |b Ajuntament |9 54942 | |
| 710 | 1 | |a Bescanó (Catalunya). |b Ajuntament |9 55100 | |
| 710 | 1 | |a Salt (Catalunya). |b Ajuntament |9 55504 | |
| 901 | |a Arxiu | ||
| 942 | |n 1 | ||
| 952 | |0 0 |1 0 |4 0 |6 A240 |7 1 |9 41750 |a Arxiu |b Arxiu |d 2016-12-01 |l 0 |o A-2-40 |p 12526 |r 2016-12-01 00:00:00 |w 2016-12-01 |y ARXIU | ||
| 999 | |c 43640 |d 43640 | ||